000 00311nam a22001337a 4500
008 170731b xxu||||| |||| 00| 0 eng d
020 _a0070106460
041 _aeng
080 _a004
100 _a32
101 _aSHK
245 _aA UNFIED METHODOLOGY FOR DEVELOPING SYSTEMS
_cWALLACE,R.H
942 _2udc
_cBK
999 _c22173
_d22173